Los defensores del idioma en Puerto Rico / (Record no. 173324)

MARC details
000 -LEADER
campo de control de longitud fija 00546nam a2200169 i 4500
001 - NÚMERO DE CONTROL
campo de control 173324
003 - IDENTIFICADOR DE NÚMERO DE CONTROL
campo de control ES-MaACL
005 - FECHA Y HORA DE LA ÚLTIMA TRANSACCIÓN
campo de control 20230906215219.0
008 - DATOS DE LONGITUD FIJA--INFORMACIÓN GENERAL
campo de control de longitud fija 091125s1975 sp |||| | spa d
080 ## - NÚMERO DE LA CLASIFICACIÓN DECIMAL UNIVERSAL
Número de la Clasificación Decimal Universal 806.0(729.5)
100 1# - ENTRADA PRINCIPAL--NOMBRE DE PERSONA
Nombre de persona Arana-Soto, S.
9 (RLIN) 22263
245 14 - MENCIÓN DEL TÍTULO
Título Los defensores del idioma en Puerto Rico /
Mención de responsabilidad, etc. S. Arana-Soto.
260 ## - PUBLICACIÓN, DISTRIBUCIÓN, ETC.
Lugar de publicación, distribución, etc. San Juan de Puerto Rico :
Nombre del editor, distribuidor, etc. [s.n.],
Fecha de publicación, distribución, etc. 1975 (
Lugar de fabricación/manufactura [Barcelona :
Fabricante Art. Gráf. Medinaceli])
300 ## - DESCRIPCIÓN FÍSICA
Extensión 87 p. ;
Dimensiones 21 cm.
650 #4 - PUNTO DE ACCESO ADICIONAL DE MATERIA--TÉRMINO DE MATERIA
Término de materia o nombre geográfico como elemento de entrada Lengua española-
Subdivisión geográfica Puerto Rico.
9 (RLIN) 14180
852 ## - LOCALIZACIÓN
Ubicación ES-MaACL
Número de control de estantería C-57025
Holdings
Estatus retirado Estado de pérdida Estado de daño No para préstamo Biblioteca de origen Biblioteca actual Ubicación en estantería Fecha de adquisición Fuente de adquisición Total de préstamos Signatura topográfica completa Código de barras Visto por última vez Precio de reemplazo Tipo de ítem Koha
        Biblioteca del Ateneo de Madrid Biblioteca del Ateneo de Madrid Depósito 2 25/11/2009     C-57025 1181896 23/02/2023 23/02/2023 Libro impreso